<A> Student's Guide to International Financial Reporting Standards

Salvato in:
Dettagli Bibliografici
Autore principale: Finch, Clare
Natura: Libro
Lingua:inglese
Pubblicazione: Wokingham Kaplan Publishing 2019
Edizione:3rd Edition
Soggetti:
Tags: Aggiungi Tag
Nessun Tag, puoi essere il primo ad aggiungerne!!

MARC

LEADER 00000nam a2200000 4500
001 0259444
005 20240221120115.9
020 |a 978-0-85732-762-8 
020 |a 978-1-85732-762-8 
041 0 |a eng 
044 |a GB 
245 1 0 |a <A> Student's Guide to International Financial Reporting Standards  |c By Clare Finch 
250 |a 3rd Edition 
264 1 |a Wokingham  |b Kaplan Publishing  |c 2019 
300 |a 418 s. 
610 2 0 |a účtovníctvo 
610 2 0 |a výkazníctvo finančné 
610 2 0 |a štandardy účtovné medzinárodné 
610 2 0 |a IFRS 
610 2 0 |a IAS 
100 1 |a Finch, Clare